000 00756cab a2200241 4500
001 ABS46917
008 090401t1992 xxu||||| |||| 00| 0 eng d
035 _a(Sirsi) u60129
041 _aeng
100 _aWakeman, A.
245 2 _aA case study of the experience of computerisation in a smaller association
260 _c1992
350 _a0
490 _aHousing Review
_v41(4) July/August 1992, 64-65(2)
520 _aConfesses the difficulties encountered by a small housing association selecting a computerised system.
650 _aCOMPUTERISATION
650 _aCOMPUTERS
650 _aHOUSING ASSOCIATIONS
690 _aHOUSING
690 _aMANAGEMENT-BUSINESS MANAGEMENT-INFORMATION MANAGEMENT
942 _n0
948 _c04/03/1997
999 _c37039
_d37039